| Tag |
First Indicator |
Second Indicator |
Subfields |
| LEADER |
00000cam a2200000 a 4500 |
| 001 |
in00001127331 |
| 005 |
20150930073557.0 |
| 008 |
841210s1984 xx ab b 000 0 eng d |
| 035 |
|
|
|a (OCoLC)11475994
|
| 035 |
|
|
|9 AFW7604AM
|
| 040 |
|
|
|a IXA
|c IXA
|d TXA
|d UtOrBLW
|
| 049 |
|
|
|a TXAM
|
| 090 |
|
|
|a QE168.M36
|b K73 1984
|
| 100 |
1 |
|
|a Kraft, Jennifer Lucille.
|
| 245 |
1 |
0 |
|a Structural evolution of the Sunshine Springs thrust area, Marathon Basin, Texas /
|c by Jennifer Lucille Kraft.
|
| 264 |
|
1 |
|a [Place of publication not identified] :
|b [publisher not identified] ;
|c 1984.
|
| 300 |
|
|
|a 1 volume in 2 (xiii, 94 leaves) :
|b illustrations (some color) ;
|c 28 cm.
|
| 336 |
|
|
|a text
|b txt
|2 rdacontent
|
| 337 |
|
|
|a unmediated
|b n
|2 rdamedia
|
| 338 |
|
|
|a volume
|b nc
|2 rdacarrier
|
| 502 |
|
|
|b M.A.
|c University of Texas at Austin
|d 1984.
|
| 500 |
|
|
|a Four folded maps in pocket.
|
| 500 |
|
|
|a Vita.
|
| 504 |
|
|
|a Bibliography: leaves 90-94.
|
| 650 |
|
0 |
|a Geology, Stratigraphic
|y Paleozoic.
|
| 650 |
|
0 |
|a Geology, Structural.
|
| 650 |
|
0 |
|a Geology
|z Texas
|z Marathon Basin.
|
| 948 |
|
|
|a c:blr
|
| 999 |
|
|
|a MARS
|
| 999 |
f |
f |
|s 7059bdd9-87e7-380c-a522-f7d3fa09c434
|i ccaca343-4a88-35e9-8703-9e328a7e3a94
|t 0
|
| 952 |
f |
f |
|p ric
|a Texas A&M University
|b Rellis Campus
|c Joint Library Facility
|d Remote Storage
|t 0
|e QE168.M36 K73 1984
|h Library of Congress classification
|i unmediated -- volume
|m A14825183155
|
| 998 |
f |
f |
|a QE168.M36 K73 1984
|t 0
|l Remote Storage
|